2026 MLB Opening Day Starting Rotations - Statistics

General Stats
  • This quiz has been taken 72 times
  • The average score is 101 of 180
Answer Stats
Hint Answer % Correct
Arizona Diamondbacks | Athletics | Atlanta Braves | +27 others Player
91%
SP Zac Gallen
89%
SP Luis Gil
86%
SP Max Fried
86%
SP Sandy Alcantara
86%
SP Cristopher Sánchez
84%
SP Bryan Woo
82%
SP Chris Sale
82%
SP Freddy Peralta
82%
SP Garret Crochet
82%
SP Luis Severino
82%
SP Paul Skenes
82%
SP Joe Ryan
80%
SP Tarik Skubal
80%
SP Yoshinobu Yamamoto
80%
SP Framber Valdez
77%
SP Kevin Gausman
77%
SP Shohei Ohtani
77%
SP Cam Schlittler
75%
SP Logan Webb
75%
SP Nathan Eovaldi
75%
SP Eduardo Rodriguez
73%
SP Hunter Brown
73%
SP Jacob Lopez
73%
SP Logan Gilbert
73%
SP Reynaldo López
73%
SP Shane Smith
73%
SP Tyler Glasnow
73%
SP Cole Ragans
70%
SP Dylan Cease
70%
SP Eury Pérez
70%
SP Jacob Misiorowski
70%
SP José Suarez
70%
SP Matthew Boyd
70%
SP Ranger Suarez
70%
SP Trevor Rogers
70%
SP Aaron Nola
68%
SP Nick Pivetta
68%
SP Tanner Bibee
68%
SP Andrew Abbott
66%
SP Brayan Bello
66%
SP Clay Holmes
66%
SP Gavin Williams
66%
SP Grant Holmes
66%
SP Justin Verlander
66%
SP Luis Castillo
66%
SP Michael King
66%
SP Brandon Woodruff
64%
SP MacKenzie Gore
64%
SP Shota Imanaga
64%
SP Jacob deGrom
61%
SP Jesús Luzardo
61%
SP Roki Sasaki
61%
SP Seth Lugo
61%
SP Sonny Gray
61%
SP Shane Baz
59%
SP Casey Mize
57%
SP Drew Rasmussen
57%
SP Emmet Sheehan
57%
SP Jack Flaherty
57%
SP José Soriano
57%
SP Kyle Bradish
57%
SP Brandon Pfaadt
55%
SP Kodai Senga
55%
SP Kyle Freeland
55%
SP Max Scherzer
55%
SP Robbie Ray
55%
SP Edward Cabrera
52%
SP Kric Bubic
52%
SP Michael Wacha
52%
SP Shane McClanahan
52%
SP Will Warren
52%
SP Yusei Kikuchi
52%
SP Bryce Miller
50%
SP Cade Horton
50%
SP Mitch Keller
50%
SP Ryan Weathers
50%
SP Bubba Chandler
48%
SP Connelly Early
48%
SP Dustin May
48%
SP Jeffrey Springs
48%
SP Matthew Liberatore
48%
SP Nick Lodolo
48%
SP Nolan McLean
48%
SP Zach Eflin
48%
SP George Kirby
45%
SP Lance McCullers Jr.
45%
SP Cade Cavalli
43%
SP Miles Mikolas
43%
SP Simeon Woods Richardson
43%
SP Taj Bradley
43%
SP Bailey Ober
41%
SP Bryce Elder
41%
SP David Peterson
41%
SP Jack Leiter
41%
SP Taijuan Walker
41%
SP Chris Bassitt
39%
SP Davis Martin
39%
SP Michael Lorenzen
39%
SP Sean Burke
39%
SP Andrew Painter
36%
SP Chase Burns
36%
SP Kumar Rocker
36%
SP Max Mayer
36%
SP Christian Javier
34%
SP Jameson Taillon
34%
SP Reid Detmers
34%
SP Braxton Ashcraft
32%
SP Germán Marquez
32%
SP José Quintana
32%
SP Ryne Nelson
32%
SP Tatsuya Imai
32%
SP Walker Buehler
32%
SP Nick Martinez
30%
SP Noah Cameron
30%
SP Slade Cecconi
30%
SP Aaron Civale
27%
SP Brady Singer
27%
SP Brandon Sproat
27%
SP Jake Irvin
27%
SP Kyle Harrison
27%
SP Tyler Mahle
27%
SP Andre Pallante
25%
SP Erick Fedde
25%
SP Mike Burrows
25%
SP Parker Messick
25%
SP Randy Vásquez
25%
SP Steven Matz
25%
SP Cody Ponce
23%
SP Landen Roupp
23%
SP Mick Abel
23%
SP Tomoyuki Sugano
23%
SP Adrian Houser
20%
SP Chad Patrick
20%
SP Janson Junk
20%
SP Michael McGreevy
20%
SP Michael Soroka
20%
SP Ryan Johnson
20%
SP Anthony Kay
18%
SP Eric Lauer
18%
SP Foster Griffin
18%
SP Jack Kochanowicz
18%
SP Joey Cantillo
18%
SP Luis Morales
18%
SP Rhett Lowder
18%
SP Chris Paddack
16%
SP Kyle Leahy
16%
SP Zack Littell
16%
SP Joe Boyle
14%
SP José Urquidy
14%
SP Ryan Feltner
9%
No matching quizzes found
Score Distribution
Percent of People with Each Score
Percentile by Number Answered
Your Score History
You have not taken this quiz